| 000 | 01531ngm a22003370a 4500 | ||
|---|---|---|---|
| 001 | PT16749 | ||
| 003 | AR-LpoUNG | ||
| 005 | 20210202000239.0 | ||
| 007 | vd cvaizq | ||
| 008 | 191001s1998||||ag |||||||||||||||||spa d | ||
| 037 | _c$11.63 | ||
| 040 |
_aAR-LpoUNG _bspa _cAR-LpoUNG _eaacr |
||
| 041 | _aspa | ||
| 044 | _aag | ||
| 082 | 0 | _a940.34 865niñ | |
| 100 | 1 |
_aTrueba, Fernando _edir. |
|
| 245 | 1 | 3 | _aLa niña de tus ojos |
| 260 |
_aSan Luis : _bAVH, _c[1998]. |
||
| 300 | _aVHS (121 min.) : son., col. | ||
| 505 | 0 | _aFotografía: Javier Aguirresarobe ; música: Antoine Duhamel. | |
| 520 | _aComo otra de las iniciativas de colaboración entre Franco y Hitler, Alemania invita a un grupo de cienastas españoles a rodar en Berlín una película dramática y musical de ambiente andaluz. Felices de dejar atrás la guerra de su país, la reducida troupe, capitaneada por un director que muy pronto comprende el riesgo de su misión, inicia el rodaje en el Berlín hitleriano. Pero todos descubren que han escapado de una guerra para caer en otra, y la hospitalidad toma caminos apasionados, al fijarse en los encantos de una joven actriz y que los únicos extras son gitanos de un campo de concentración. Es entonces cuando comienza a despertarse la duda de si la vida no es más importante que una película. | ||
| 650 | 4 | _aALEMANIA | |
| 650 | 4 | _aCINE | |
| 650 | 4 | _aESPAÑA | |
| 650 | 4 | _aGUERRA | |
| 650 | 4 | _aPELICULAS | |
| 651 | 4 | _aDinamarca | |
| 653 | _aVIDEOS | ||
| 905 | _a16749 | ||
| 942 | _cVIDEO | ||
| 999 |
_c54446 _d54446 |
||